Foundations of electromagnetic theory / (Record no. 180340)

000 -LEADER
fixed length control field 01314 a2200169 4500
003 - CONTROL NUMBER IDENTIFIER
control field Nust
005 - DATE AND TIME OF LATEST TRANSACTION
control field 20230217104750.0
040 ## - CATALOGING SOURCE
Transcribing agency Nust
082 ## - DEWEY DECIMAL CLASSIFICATION NUMBER
Classification number 621.3,REI
100 ## - MAIN ENTRY--PERSONAL NAME
Personal name Reitz, John R.
9 (RLIN) 101480
245 ## - TITLE STATEMENT
Title Foundations of electromagnetic theory /
Statement of responsibility, etc. John R. Reitz and Frederick J. Milford
260 ## - PUBLICATION, DISTRIBUTION, ETC.
Place of publication, distribution, etc. Addison Wesley
Name of publisher, distributor, etc. London
Date of publication, distribution, etc. 1966
300 ## - PHYSICAL DESCRIPTION
Extent 387:p
505 ## - FORMATTED CONTENTS NOTE
Formatted contents note Vector Analysis (Page-1), Electrostatics (Page-26), Solution of Electrostatic Problems (Page-56), The Electrostatic Field in Dielectric Media (Page-97), Microscopic Theory of Dielectrics(Page-127), Electrostatic Energy(Page-141), Electric Current (Page-162), The Magnetic Field of Steady Currents (Page-190), Magnetic Properties of Matter(Page-218), Microscopic Theory of Magnetism (Page-256), Electromagnetic Induction (Page-271), Magnetic Energy (Page289), Slowly Varying Currents (Page-305), Physics of Plasmas (Page-341), Electromagnetic Properties of Superconductors (Page-365), Maxwell's Equations (Page-386), Propagation of Monochromatic Electromagnetic Waves(Page-412), Monochromatic Waves in Bounded Regions (Page-441), Dispersion and Oscillating Fields in Dispersive Media(Page-484), The Emission of Radiation (Page-525), Electrodynamics (Page-545).
650 ## - SUBJECT ADDED ENTRY--TOPICAL TERM
Topical term or geographic name entry element Foundations of Electromagnetic theory
9 (RLIN) 109191
942 ## - ADDED ENTRY ELEMENTS (KOHA)
Source of classification or shelving scheme
Koha item type Book
Holdings
Withdrawn status Lost status Source of classification or shelving scheme Damaged status Not for loan Permanent Location Current Location Shelving location Date acquired Full call number Barcode Date last seen Price effective from Koha item type Public note
          Military College of Signals (MCS) Military College of Signals (MCS) General Stacks 12/12/2016 621.3,REI MCS94 12/08/2016 12/12/2016 Book Almirah No.71, Shelf No.3
© 2023 Central Library, National University of Sciences and Technology. All Rights Reserved.